<?xml version="1.0" encoding="UTF-8"?>
<record
    xmlns:xsi="http://www.w3.org/2001/XMLSchema-instance"
    xsi:schemaLocation="http://www.loc.gov/MARC21/slim http://www.loc.gov/standards/marcxml/schema/MARC21slim.xsd"
    xmlns="http://www.loc.gov/MARC21/slim">

  <leader>00788nam a2200193Ia 4500</leader>
  <controlfield tag="008">151121s9999||||xx |||||||||||||| ||und||</controlfield>
  <datafield tag="082" ind1=" " ind2=" ">
    <subfield code="a">030/&#x935;&#x93E;&#x918;&#x947;</subfield>
  </datafield>
  <datafield tag="082" ind1=" " ind2=" ">
    <subfield code="b">HNW-114666</subfield>
  </datafield>
  <datafield tag="100" ind1=" " ind2=" ">
    <subfield code="a">&#x935;&#x93E;&#x918;&#x947; &#x938;&#x941;&#x930;&#x947;&#x936;</subfield>
  </datafield>
  <datafield tag="245" ind1=" " ind2=" ">
    <subfield code="a">"&#x938;&#x902;&#x915;&#x932;&#x94D;&#x92A;&#x928;&#x93E;&#x915;&#x94B;&#x936; -5 ( &#x92E;&#x928; &#x935; &#x938;&#x94D;&#x935;&#x92D;&#x93E;&#x935; ,&#x932;&#x932;&#x93F;&#x924;&#x915;&#x932;&#x93E;)"</subfield>
  </datafield>
  <datafield tag="260" ind1=" " ind2=" ">
    <subfield code="b">"&#x917;&#x94D;&#x930;&#x902;&#x925;&#x93E;&#x932;&#x940; &#x92A;&#x94D;&#x930;&#x915;&#x93E;&#x936;&#x928;,  &#x92E;&#x941;&#x902;&#x92C;&#x908;&#x964;"</subfield>
  </datafield>
  <datafield tag="260" ind1=" " ind2=" ">
    <subfield code="c">2013</subfield>
  </datafield>
  <datafield tag="300" ind1=" " ind2=" ">
    <subfield code="a">422</subfield>
  </datafield>
  <datafield tag="600" ind1=" " ind2=" ">
    <subfield code="a">&#x935;&#x93E;&#x918;&#x947; &#x938;&#x941;&#x930;&#x947;&#x936;</subfield>
  </datafield>
  <datafield tag="630" ind1=" " ind2=" ">
    <subfield code="a">"&#x938;&#x902;&#x915;&#x932;&#x94D;&#x92A;&#x928;&#x93E;&#x915;&#x94B;&#x936; -5 ( &#x92E;&#x928; &#x935; &#x938;&#x94D;&#x935;&#x92D;&#x93E;&#x935; ,&#x932;&#x932;&#x93F;&#x924;&#x915;&#x932;&#x93E;)"</subfield>
  </datafield>
  <datafield tag="700" ind1=" " ind2=" ">
    <subfield code="a">&#x935;&#x93E;&#x918;&#x947; &#x938;&#x941;&#x930;&#x947;&#x936;</subfield>
  </datafield>
  <datafield tag="730" ind1=" " ind2=" ">
    <subfield code="a">"&#x938;&#x902;&#x915;&#x932;&#x94D;&#x92A;&#x928;&#x93E;&#x915;&#x94B;&#x936; -5 ( &#x92E;&#x928; &#x935; &#x938;&#x94D;&#x935;&#x92D;&#x93E;&#x935; ,&#x932;&#x932;&#x93F;&#x924;&#x915;&#x932;&#x93E;)"</subfield>
  </datafield>
  <datafield tag="942" ind1=" " ind2=" ">
    <subfield code="c">BOOK</subfield>
  </datafield>
  <datafield tag="999" ind1=" " ind2=" ">
    <subfield code="c">1263605</subfield>
    <subfield code="d">1263602</subfield>
  </datafield>
  <datafield tag="952" ind1=" " ind2=" ">
    <subfield code="0">0</subfield>
    <subfield code="1">0</subfield>
    <subfield code="4">0</subfield>
    <subfield code="7">0</subfield>
    <subfield code="a">HNW</subfield>
    <subfield code="b">HNW</subfield>
    <subfield code="d">2014-03-25</subfield>
    <subfield code="g">750.00</subfield>
    <subfield code="l">0</subfield>
    <subfield code="o">HNW-114666</subfield>
    <subfield code="p">HNW-114666</subfield>
    <subfield code="r">2015-11-21 00:00:00</subfield>
    <subfield code="v">750.00</subfield>
    <subfield code="w">2015-11-21</subfield>
    <subfield code="y">BOOK</subfield>
  </datafield>
</record>
